000 00253nam a2200097Ia 4500
008 220204s9999 xx 000 0 und d
082 _a632.112
_bPRO
245 0 _aProceedings of the seminar on drought. 1968
260 _aBangalore
_bUAS
_c1972
942 _cBK
999 _c21874
_d21874